000 00818nam a2200229 a 4500
001 BRCA_8414
005 20190320210253.0
008 010715s2015----sp-a######---#000-0#spa-#
020 _a9788498506624
041 _aspa
044 _asp
050 4 _aNK2062
_b.E25 2015
245 1 0 _aEclecticisme, l´avantsala del modernisme
_bespais i mobiliari : L´estil de l´Eixample de Barcelona.
260 _a[Barcelona]
_bAssociació per a l´Estudi del Moble : Museu del Disseny de Barcelona
_c2015
300 _a162 p.
_bil.
_c30 cm.
504 _aIncluye referencias bibliográficas
546 _aTexto en : catalán, español e inglés
650 1 4 _aDecoración y ornamentación
_zBarcelona, España
_921068
650 1 4 _aMuebles españoles
_921069
651 4 _aEixample (Barcelona, España)
_921070
942 _2lcc
_cB
999 _c8082
_d8082